| 000 | 00577nam a22001697a 4500 | ||
|---|---|---|---|
| 008 | 160709b xxu||||| |||| 00| 0 eng d | ||
| 020 | _a9712333965 | ||
| 082 |
_22002 _aDFil 610.072 _bAd1 |
||
| 100 |
_911114 _aGalicano-Adanza, Estela |
||
| 245 |
_aMethods of research for the health professions/ _cEstela Galicano-Adanza |
||
| 260 |
_aManila: _bRex Book Store, _cc2002. |
||
| 300 |
_aiii, 248 pages: _c22.5 cm. |
||
| 500 | _aIncludes appendices and bibliography | ||
| 650 | 0 |
_911115 _aHealth _vResearch _xMethodology |
|
| 700 |
_911116 _aNazareno-Martinez, Fe |
||
| 942 |
_2ddc _cDFIL |
||
| 999 |
_c3336 _d3336 |
||